Statistics for A Series of Unfortunate Events Characters

Click here to take the quiz!

General Stats

  • This quiz has been taken 199 times
  • The average score is 17 of 26

Answer Stats

HintAnswer% Correct
BaudelaireViolet
100%
VillainCount Olaf
99%
Sunny
98%
Klaus
96%
Lemony
88%
BankerMr. Poe
81%
Esmé
78%
StraussJustice
74%
Kit
73%
SpatsCarmelita
72%
Beatrice II
70%
QuagmireDuncan
70%
Isadora
70%
Quigley
69%
Killed by leechesJosephine
68%
SqualorJerome
63%
HerpetologistMontgomery Montgomery
63%
SnicketJacques
59%
Vice Principal of Prufrock PrepNero
50%
LibrarianOlivia
50%
Ike
41%
Island leaderIshmael
41%
Hospital ReceptionistBabs
34%
The WaiterLarry Your-Waiter
34%
Banker's acquaintanceJacqueline
28%
Hook-handed manHooky
17%

Score Distribution

Percentile by Number Answered

Percent of People with Each Score

Your Score History

You have not taken this quiz